Impacto de los actores no estatales violentos en la seguridad internacional : (Registro nro. 232858)
[ vista simple ]
| 000 -CABECERA | |
|---|---|
| campo de control de longitud fija | 00992naa a22002297i 4500 |
| 001 - NÚMERO DE CONTROL | |
| campo de control | 232858 |
| 003 - IDENTIFICADOR DEL NÚMERO DE CONTROL | |
| campo de control | ES-MaBCM |
| 005 - FECHA Y HORA DE LA ÚLTIMA TRANSACCIÓN | |
| campo de control | 20260408131026.0 |
| 008 - CÓDIGOS DE INFORMACIÓN DE LONGITUD FIJA | |
| campo de control de longitud fija | 260408s2025 sp ||||| |||| 00| 0 spa d |
| 040 ## - FUENTE DE LA CATALOGACIÓN | |
| Centro transcriptor | ES-MaBCM |
| 100 1# - PUNTO DE ACCESO PRINCIPAL - NOMBRE DE PERSONA | |
| Nombre de persona | Calvillo Cisneros, José Miguel |
| 9 (RLIN) | 124298 |
| 245 10 - MENCIÓN DE TÍTULO | |
| Título | Impacto de los actores no estatales violentos en la seguridad internacional : |
| Resto del título | la convergencia entre terrorismo y crimen organizado = Impact of violent non-state actors on international security : the convergence between terrorism and organized crime |
| Mención de responsabilidad etc. | José Miguel Calvillo Cisneros |
| 500 ## - NOTA GENERAL | |
| Nota general | Contiene tablas |
| 500 ## - NOTA GENERAL | |
| Nota general | Contiene gráficos |
| 504 ## - NOTA DE BIBLIOGRAFÍA, ETC. | |
| Nota de bibliografía etc. | Incluye referencias bibliográficas |
| 650 #7 - PUNTO DE ACCESO ADICIONAL DE MATERIA--TÉRMINO DE MATERIA | |
| Término de materia o nombre geográfico como elemento inicial | Seguridad internacional |
| 9 (RLIN) | 60206 |
| 650 #0 - PUNTO DE ACCESO ADICIONAL DE MATERIA--TÉRMINO DE MATERIA | |
| Término de materia o nombre geográfico como elemento inicial | Seguridad nacional |
| 9 (RLIN) | 126674 |
| 650 #7 - PUNTO DE ACCESO ADICIONAL DE MATERIA--TÉRMINO DE MATERIA | |
| Término de materia o nombre geográfico como elemento inicial | Terrorismo |
| 9 (RLIN) | 60444 |
| 650 #0 - PUNTO DE ACCESO ADICIONAL DE MATERIA--TÉRMINO DE MATERIA | |
| Término de materia o nombre geográfico como elemento inicial | Crimen organizado |
| 9 (RLIN) | 124860 |
| 773 0# - ENLACE AL DOCUMENTO FUENTE | |
| Lugar editor y fecha de publicación | Madrid |
| Parte(s) relacionada(s) | Vol. 77, n. 2 (2025), p. [19]-42 - Loc. S.371 |
| Título | Revista española de derecho internacional |
| Número de control del registro relacionado | 104609 |
| 942 ## - ELEMENTOS DE PUNTO DE ACCESO ADICIONAL (KOHA) | |
| Fuente del sistema de clasificación o colocación | Universal Decimal Classification |
| Tipo de ítem Koha | Artículos de revistas |
| Estado de retiro | Estado de pérdida | Fuente del sistema de clasificación o colocación | Estado dañado | No para préstamo | Localización permanente | Ubicación/localización actual | Ubicación en estantería | Fecha de adquisición | Total de préstamos | Fecha visto por última vez | Precio válido a partir de | Tipo de ítem Koha |
|---|---|---|---|---|---|---|---|---|---|---|---|---|
| Universal Decimal Classification | Biblioteca Central del Ministerio de la Presidencia | Biblioteca Central del Ministerio de la Presidencia | Sala | 08/04/2026 | 08/04/2026 | 08/04/2026 | Artículos de revistas |
